000 01119nam a22002537a 4500
003 0
005 20251111133937.0
008 251111b xxu||||| |||| 00| 0 eng d
020 _a978-1-80022-219-9
050 _aPZ 7
_b.L56 So 2021
100 _aLim, Elizabeth,
_eauthor
245 _aSo This Is Love :
_ba twisted tale /
_cElizabeth Lim.
260 _aLondon :
_bAutumn Publishing,
_c2021.
300 _a415 pages ;
_c20 cm.
490 _aA twisted tale
500 _aNo ISBN; part of the box set ISBN 978-1-80022-219-9. This title is one of three in the box set: So This Is Love, Straight On Till Morning, Let It Go. Box set ISBN: 978-1-80022-219-9. Part of the Disney Twisted Tale series.
520 _aA young adult retelling of a classic story, presenting an alternative twist on the original tale, featuring Elizabeth Lim’s adaptation with imaginative narrative and illustrations.
650 _aFantasy fiction
_vJuvenile.
650 _aFairy tales
_vJuvenile fiction.
650 _aRomance fiction
_vJuvenile.
650 _aYoung adult literature.
830 _aA twisted tale.
942 _2lcc
_cBK
999 _c368576
_d368576